Library of the University of Algiers 3
Ibrahim Sultan Cheibout
شعار جامعة الجزائر 3
مكتبة جامعة الجزائر 3
إبراهيم سلطان شيبوط

تطبيقات الانترنت : (رقم التسجيلة. 45962)

تفاصيل مارك
000 -LEADER
fixed length control field 01466nam a2200229Ia 4500
003 - CONTROL NUMBER IDENTIFIER
control field Ost
005 - DATE AND TIME OF LATEST TRANSACTION
control field 20260507075724.0
008 - FIXED-LENGTH DATA ELEMENTS--GENERAL INFORMATION
fixed length control field 260507s9999||||xx |||||||||||||| ||und||
040 ## - CATALOGING SOURCE
Transcribing agency fsecg
041 ## - LANGUAGE CODE
Language code of text/sound track or separate title ara
082 ## - DEWEY DECIMAL CLASSIFICATION NUMBER
Classification number 1.64
100 ## - MAIN ENTRY--PERSONAL NAME
Personal name سلامة، حسين احمد
Relator term مؤلف
245 #0 - TITLE STATEMENT
Title تطبيقات الانترنت :
Remainder of title تعلم جافا سكريبت /
Statement of responsibility, etc. حسين احمد سلامة
260 ## - PUBLICATION, DISTRIBUTION, ETC.
Place of publication, distribution, etc. عمان:
Name of publisher, distributor, etc. مكتبة المجتمع العربي,
Date of publication, distribution, etc. 2003
300 ## - PHYSICAL DESCRIPTION
Extent 485 صفحة؛
Other physical details إيضاحات ؛
Dimensions 24 سم
504 ## - BIBLIOGRAPHY, ETC. NOTE
Bibliography, etc. note بيبليوغرافيا ص. 485
520 ## - SUMMARY, ETC.
Summary, etc. في هذا الكتاب التصنيف الطبقي أساسيات في جافا سكريبت ، جدول الانماط المتعاقبة ، java applets ، برتوكلات طبقة النقل ، ROUTERS ، كيانات جافا سكريبت ، تعليمات جافا سكريبت ؛ نتاج HTML ، المتغيرات ، القيم الحرفية ، التحويل بين أنواع القيم، المجموعات المرتبة ، اعلان المجموعات المرتبة ؛ جمل استدعاء الوظائف ، دمج جافا سكريبت مع HTML، معالجة النص البرمجي ، هيكل برنامج جافا سكريبت التعامل مع الحدث ObJECT MODEL
653 ## - INDEX TERM--UNCONTROLLED
Uncontrolled term الحواسيب
653 ## - INDEX TERM--UNCONTROLLED
Uncontrolled term شبكات الحواسيب
653 ## - INDEX TERM--UNCONTROLLED
Uncontrolled term نظم المعلومات- المؤسسة الممتدة
942 ## - ADDED ENTRY ELEMENTS (KOHA)
Koha item type كتب
المقتنيات
Withdrawn status Lost status Source of classification or shelving scheme Damaged status Not for loan Home library Current library Date acquired Serial enumeration / chronology Inventory number Total checkouts Full call number Barcode Date last seen Price effective from Koha item type
    Library of Congress Classification   NOT LOAN / إعارة داخلية مكتبة كلية العلوم الإقتصادية والعلوم التجارية وعلوم التسيير مكتبة كلية العلوم الإقتصادية والعلوم التجارية وعلوم التسيير 07/05/2026 الطابق الأرضي 1100/1   أ/1100ن1 1100/1 07/05/2026 07/05/2026 كتب
    Dewey Decimal Classification   Available مكتبة كلية العلوم الإقتصادية والعلوم التجارية وعلوم التسيير مكتبة كلية العلوم الإقتصادية والعلوم التجارية وعلوم التسيير 07/05/2026 الطابق الأرضي 1100/2   أ/1100ن2 1100/2 07/05/2026 07/05/2026 كتب
    Dewey Decimal Classification   Available مكتبة كلية العلوم الإقتصادية والعلوم التجارية وعلوم التسيير مكتبة كلية العلوم الإقتصادية والعلوم التجارية وعلوم التسيير 07/05/2026 الطابق الأرضي 1100/3   أ/1100ن3 1100/3 07/05/2026 07/05/2026 كتب
    Dewey Decimal Classification   Available مكتبة كلية العلوم الإقتصادية والعلوم التجارية وعلوم التسيير مكتبة كلية العلوم الإقتصادية والعلوم التجارية وعلوم التسيير 07/05/2026 الطابق الثاني 1100/4   أ/1100ن4 1100/4 07/05/2026 07/05/2026 كتب
    Dewey Decimal Classification   Available مكتبة كلية العلوم الإقتصادية والعلوم التجارية وعلوم التسيير مكتبة كلية العلوم الإقتصادية والعلوم التجارية وعلوم التسيير 07/05/2026 الطابق الثاني 1100/5   أ/1100ن5 1100/5 07/05/2026 07/05/2026 كتب

موارد الويب المفتوحة


© University of Algiers 3 All Rights Reserved
|
Implemented by LECHELAH Riad